| 000 | 00747nam a2200229Ia 4500 | ||
|---|---|---|---|
| 003 | OSt | ||
| 005 | 20220925204307.0 | ||
| 006 | a|||||r|||| 00| 0 | ||
| 007 | ta | ||
| 008 | 220923b |||||||| |||| 00| 0 eng d | ||
| 037 | _cGeneral Book | ||
| 040 |
_aRTL _cRTL _beng |
||
| 041 |
_2eng _aeng |
||
| 082 | _aY:677;1N45d,N74<--N68, K8 | ||
| 110 |
_aUnited Nations research institute for social development _9123743 |
||
| 245 | 0 | _aResearch notes no. 1-4 | |
| 260 |
_aGeneva _bU.N. research institute for social department _c1968 |
||
| 300 |
_aiv;117p _ccm. |
||
| 700 |
_aUnited Nations research institute for social development _9123744 |
||
| 942 |
_hY:677;1N45d,N74<--N68, K8 _cGB _2CC |
||
| 999 |
_c549050 _d549050 |
||